| Tag |
First Indicator |
Second Indicator |
Subfields |
| LEADER |
00000cam a2200000 a 4500 |
| 001 |
in00003824599 |
| 005 |
20170926152937.0 |
| 008 |
950405s1993 fr a b 001 0 fre |
| 010 |
|
|
|a 95136887
|
| 019 |
|
|
|a 28855989
|a 214949988
|
| 020 |
|
|
|a 2213030979
|
| 020 |
|
|
|a 9782213030975
|
| 035 |
|
|
|a (OCoLC)ocm33407787
|
| 035 |
|
|
|a (OCoLC)33407787
|z (OCoLC)28855989
|z (OCoLC)214949988
|
| 040 |
|
|
|a DLC
|b eng
|c DLC
|d FHR
|d CUY
|d NYP
|d NLGGC
|d LVB
|d OCLCG
|d GEBAY
|d DEBBG
|d OCLCO
|d OCLCF
|d OCLCQ
|d TXA
|d UtOrBLW
|
| 043 |
|
|
|a e-gr---
|a e------
|
| 049 |
|
|
|a TXAM
|
| 050 |
0 |
0 |
|a G84
|b .A58 1993
|
| 082 |
0 |
0 |
|a 913.04
|2 20
|
| 084 |
|
|
|a 15.51
|2 bcl
|
| 084 |
|
|
|a 6,11
|2 ssgn
|
| 084 |
|
|
|a 6,12
|2 ssgn
|
| 084 |
|
|
|a 6,15
|2 ssgn
|
| 084 |
|
|
|a FB 4066
|2 rvk
|
| 084 |
|
|
|a NH 8550
|2 rvk
|
| 100 |
1 |
|
|a André, Jean-Marie,
|d 1930-
|0 http://id.loc.gov/authorities/names/n89630684
|
| 245 |
1 |
0 |
|a Voyager dans l'Antiquité /
|c Jean-Marie André et Marie-Françoise Baslez.
|
| 264 |
|
1 |
|a [Paris] :
|b Fayard,
|c [1993]
|
| 264 |
|
4 |
|c ©1993
|
| 300 |
|
|
|a 594 pages :
|b illustrations ;
|c 24 cm
|
| 336 |
|
|
|a text
|b txt
|2 rdacontent
|
| 337 |
|
|
|a unmediated
|b n
|2 rdamedia
|
| 338 |
|
|
|a volume
|b nc
|2 rdacarrier
|
| 504 |
|
|
|a Includes bibliographical references (pages 545-574) and indexes.
|
| 650 |
|
0 |
|a Discoveries in geography.
|0 http://id.loc.gov/authorities/subjects/sh85038366
|
| 650 |
|
0 |
|a Geography, Ancient.
|0 http://id.loc.gov/authorities/subjects/sh85054012
|
| 650 |
0 |
4 |
|a Grèce
|x Civilisation.
|
| 650 |
0 |
4 |
|a Klassieke oudheid.
|
| 650 |
0 |
4 |
|a Reizen.
|
| 650 |
0 |
4 |
|a Rome
|x Civilisation.
|
| 650 |
0 |
4 |
|a Voyages
|x Histoire.
|
| 650 |
|
6 |
|a Voyage
|x Histoire
|y Jusqu'à 500.
|
| 650 |
|
7 |
|a Discoveries in geography.
|2 fast
|0 (OCoLC)fst00894950
|
| 650 |
|
7 |
|a Geography, Ancient.
|2 fast
|0 (OCoLC)fst00940567
|
| 650 |
1 |
7 |
|a Klassieke oudheid.
|2 gtt
|
| 650 |
1 |
7 |
|a Reizen.
|2 gtt
|
| 650 |
0 |
7 |
|a Antike.
|0 (DE-588)4068754-5
|2 gnd
|
| 650 |
0 |
7 |
|a Reise.
|0 (DE-588)4049275-8
|2 gnd
|
| 650 |
0 |
7 |
|a Reiseliteratur.
|0 (DE-588)4177612-4
|2 gnd
|
| 651 |
|
7 |
|a Griechenland (Altertum)
|0 (DE-588)4093976-5
|2 gnd
|
| 651 |
|
7 |
|a Römisches Reich.
|0 (DE-588)4076778-4
|2 gnd
|
| 650 |
|
7 |
|a Grèce
|x Civilisation.
|2 ram
|
| 650 |
|
7 |
|a Rome
|x Civilisation.
|2 ram
|
| 650 |
|
7 |
|a Voyages
|x Histoire.
|2 ram
|
| 650 |
0 |
7 |
|a Reise.
|2 swd
|
| 650 |
0 |
7 |
|a Geschichte 800 v. Chr.-500.
|2 swd
|
| 650 |
0 |
7 |
|a Antike.
|2 swd
|
| 651 |
|
7 |
|a Griechenland (Altertum)
|2 swd
|
| 651 |
|
7 |
|a Römisches Reich.
|2 swd
|
| 700 |
1 |
|
|a Baslez, Marie-Françoise.
|0 http://id.loc.gov/authorities/names/n85053326
|
| 948 |
|
|
|a cataloged
|b h
|c 2017/2/14
|d c
|e fpiscitelli
|f 3:18:28 pm
|
| 994 |
|
|
|a C0
|b TXA
|
| 999 |
f |
f |
|s 4a6c3c1e-95e9-3fda-a42f-1c58c181a58d
|i b21c83dd-b5c6-38a7-abbc-6be8e181376c
|t 0
|
| 952 |
f |
f |
|p noncirc
|a Texas A&M University
|b College Station
|c Sterling C. Evans Library
|d Bodrum (located in Turkey)
|t 0
|e G84 .A58 1993
|h Library of Congress classification
|i unmediated -- volume
|
| 998 |
f |
f |
|a G84 .A58 1993
|t 0
|l Bodrum (located in Turkey)
|